000
00303nam a22001217a 4500
008
171124b xxu||||| |||| 00| 0 eng d
041
_a
eng
080
_a
72
100
_a
41
101
_a
ARK
245
_a
THE PHAIDON ATLAS OF CONTEMPORARY WORLD ARCHITECTURE TRAVEL EDITION
_c
PHAIDON
942
_2
udc
_c
BK
999
_c
38432
_d
38432